[Event "Steinfurt Bezirksklasse 1213"]
[Site "Germany"]
[Date "2013.02.09"]
[Round "5.2"]
[White "Reimann, Tanja"]
[Black "Ottens, Josef"]
[Result "1/2-1/2"]
[WhiteElo "1250"]
[BlackElo "1407"]
[PlyCount "38"]
[EventDate "2012.09.29"]
[EventType "team-tourn"]
[EventRounds "9"]
[EventCountry "GER"]
[SourceTitle "EXT 2015"]
[Source "ChessBase"]
[SourceDate "2014.11.20"]
[SourceVersion "1"]
[SourceVersionDate "2014.11.20"]
[SourceQuality "1"]
[WhiteTeam "Emsdetten Turm IV"]
[BlackTeam "Steinfurt IV"]
[WhiteTeamCountry "GER"]
[BlackTeamCountry "GER"]

1. e4 c5 2. Nf3 g6 3. c3 Bg7 4. d4 cxd4 5. cxd4 b6 6. Bc4 Bb7 7. Ng5 e6 8. 0-0 h6 9. Nxf7 Kxf7 10. e5 Ne7 11. f4 Ba6 12. b3 Bxc4 13. bxc4 Nbc6 14. d5 exd5 15. cxd5 Na5 16. d6 Kg8 17. dxe7 Qxe7 18. Qd5+ Kh7 19. Bd2 Nc6 1/2-1/2

[Event "Steinfurt Kreisklasse 0607"]
[Site "Germany"]
[Date "2007.03.10"]
[Round "7.3"]
[White "Reimann, Tanja"]
[Black "Koch, Hermann"]
[Result "1/2-1/2"]
[WhiteElo "1273"]
[BlackElo "1371"]
[PlyCount "46"]
[EventDate "2006.09.23"]
[EventType "team-tourn"]
[EventRounds "10"]
[EventCountry "GER"]
[SourceTitle "EXT 2008"]
[Source "ChessBase"]
[SourceDate "2007.11.25"]
[SourceVersion "1"]
[SourceVersionDate "2007.11.25"]
[SourceQuality "1"]
[WhiteTeam "Emsdetten Turm IV"]
[BlackTeam "Westerkappeln II"]
[WhiteTeamCountry "GER"]
[BlackTeamCountry "GER"]

1. e4 c5 2. Nf3 d6 3. d4 cxd4 4. Nxd4 a6 5. Nc3 Nf6 6. Bd3 e6 7. f4 Qc7 8. 0-0 Nc6 9. Nxc6 bxc6 10. Qe2 Be7 11. e5 Nd5 12. Nxd5 cxd5 13. b3 Qc3 14. Ba3 Qd4+ 15. Kh1 Qb6 16. Bb2 0-0 17. Qh5 h6 18. Rf3 dxe5 19. fxe5 d4 20. Raf1 Bd7 21. Bc1 Be8 22. Qh3 Qd8 23. Qg4 g5 1/2-1/2

[Event "Steinfurt Bezirksklasse 0203"]
[Site "Germany"]
[Date "2003.03.15"]
[Round "6.5"]
[White "Kumpmann, Ulrich"]
[Black "Reimann, Tanja"]
[Result "1-0"]
[WhiteElo "1330"]
[BlackElo "1383"]
[PlyCount "45"]
[EventDate "2002.09.28"]
[EventType "team-tourn"]
[EventRounds "7"]
[EventCountry "GER"]
[SourceTitle "EXT 2005"]
[Source "ChessBase"]
[SourceDate "2004.11.15"]
[SourceVersion "1"]
[SourceVersionDate "2004.11.15"]
[SourceQuality "1"]
[WhiteTeam "Nordwalde III"]
[BlackTeam "Emsdetten Turm IV"]
[WhiteTeamCountry "GER"]
[BlackTeamCountry "GER"]

1. e4 e6 2. Nc3 c6 3. Nf3 d5 4. d3 c5 5. exd5 exd5 6. Ne5 d4 7. Qe2 Be6 8. Ne4 Nf6 9. Nc4 Nxe4 10. Qxe4 Nc6 11. Be2 Be7 12. Bg4 Bxc4 13. dxc4 0-0 14. Bf3 Bf6 15. 0-0 Re8 16. Qg4 Ne5 17. Qe4 Nxf3+ 18. Qxf3 b6 19. Bd2 Bg5 20. Bxg5 Qxg5 21. Rae1 Qd2 22. Re2 Rxe2 23. Qxa8+ 1-0

[Event "Steinfurt Bezirksklasse 0203"]
[Site "Germany"]
[Date "2003.02.15"]
[Round "5.6"]
[White "Reuter, Alfred J"]
[Black "Reimann, Tanja"]
[Result "1/2-1/2"]
[WhiteElo "1578"]
[BlackElo "1383"]
[PlyCount "34"]
[EventDate "2002.09.28"]
[EventType "team-tourn"]
[EventRounds "7"]
[EventCountry "GER"]
[SourceTitle "EXT 2005"]
[Source "ChessBase"]
[SourceDate "2004.11.15"]
[SourceVersion "1"]
[SourceVersionDate "2004.11.15"]
[SourceQuality "1"]
[WhiteTeam "Ibbenbueren III"]
[BlackTeam "Emsdetten Turm IV"]
[WhiteTeamCountry "GER"]
[BlackTeamCountry "GER"]

1. d4 d5 2. c4 e6 3. Nc3 c5 4. cxd5 exd5 5. Nf3 Nc6 6. g3 cxd4 7. Nxd4 Bc5 8. Nxc6 bxc6 9. Bg2 Nf6 10. 0-0 0-0 11. Na4 Bb6 12. Nxb6 axb6 13. Qc2 Qd7 14. b4 Ba6 15. Be3 Rab8 16. Bd4 Qd6 17. Qc3 Bxe2 1/2-1/2